[Event "Budapest zt 1.4"]
[Site "Budapest"]
[Date "2000.06.18"]
[Round "2"]
[White "Macieja, Bartlomiej"]
[Black "Delchev, Aleksander"]
[Result "1/2-1/2"]
[WhiteElo "2538"]
[BlackElo "2560"]
[Annotator "Black e4 - Scotch 7"]
[PlyCount "53"]
[EventDate "2000.06.17"]
[EventType "swiss"]
[EventRounds "9"]
[EventCountry "HUN"]
[SourceDate "2005.02.06"]
[WhiteTeamCountry "FRA"]
[BlackTeamCountry "FRA"]

1. e4 e5 2. d4 exd4 3. Nf3 Nc6 4. Nxd4 Nf6 5. Nxc6 bxc6 6. e5 Qe7 7. Qe2 Nd5 8.
c4 Ba6 9. b3 g5 10. g3 Bg7 11. Bb2 O-O-O 12. Bg2 Rde8 13. O-O Bxe5 14. Qxe5
Qxe5 15. Bxe5 Rxe5 16. cxd5 Bxf1 17. Kxf1 cxd5 18. Nc3 c6 19. Rc1 Kd8 20. h3
Rhe8 21. Bf3 Ke7 22. Na4 Kd6 23. Nb2 R5e7 24. Nd3 a5 25. Bg4 Rf8 26. Bf5 h6 27.
Rc5 1/2-1/2

[Event "FIN-chT 0102"]
[Site "Finland"]
[Date "2002.01.19"]
[Round "6"]
[White "Karttunen, Mika"]
[Black "Sepp, Olav"]
[Result "1/2-1/2"]
[WhiteElo "2429"]
[BlackElo "2460"]
[Annotator "Black e4 - Four Knights 1"]
[PlyCount "85"]
[EventDate "2001.01.01"]
[EventType "team"]
[EventRounds "9"]
[EventCountry "FIN"]
[Source "ChessBase"]
[SourceDate "2002.11.25"]
[WhiteTeamCountry "FRA"]
[BlackTeamCountry "FRA"]

1. e4 e5 2. Nf3 Nc6 3. Nc3 Nf6 4. a3 d5 5. Bb5 Nxe4 6. Nxe5 Qf6 7. Nf3 Be6 8.
Qe2 Nxc3 9. dxc3 Bd6 10. Bg5 Qg6 11. Bd3 Qh5 12. h3 Ne5 13. Nxe5 Qxg5 14. Nf3
Qf6 15. Nd4 O-O 16. O-O Rae8 17. Rae1 g6 18. Qf3 Qxf3 19. Nxf3 c5 20. Rd1 Kg7
21. Rfe1 Kf6 22. c4 Rd8 23. Nd2 Bf4 24. cxd5 Bxd2 25. Rxd2 Rxd5 26. Rde2 Rd4
27. Re3 Rfd8 28. Be4 b6 29. Bd3 h5 30. Rf3+ Ke7 31. b3 Kd7 32. c3 Rd6 33. b4
Kc7 34. Ree3 f5 35. bxc5 bxc5 36. Be2 Bd5 37. Re7+ R8d7 38. Rfe3 Be4 39. Re5
Rd5 40. Re6 R5d6 41. Re5 Rd5 42. Re6 R5d6 43. Re5 1/2-1/2

[Event "Corsica Masters rap 6th"]
[Site "Bastia"]
[Date "2002.11.01"]
[Round "1.5"]
[White "Glek, Igor V"]
[Black "Tkachiev, Vladislav"]
[Result "1/2-1/2"]
[WhiteElo "2576"]
[BlackElo "2632"]
[Annotator "Black e4 - Four Knights 2"]
[PlyCount "63"]
[EventDate "2002.11.01"]
[EventType "k.o. (rapid)"]
[EventRounds "4"]
[EventCountry "FRA"]
[Source "ChessBase"]
[SourceDate "2003.02.06"]
[WhiteTeamCountry "FRA"]
[BlackTeamCountry "FRA"]

1. e4 e5 2. Nf3 Nf6 3. Nc3 Nc6 4. g3 d5 5. exd5 Nxd5 6. Bg2 Nxc3 7. bxc3 Bc5 8.
O-O O-O 9. Re1 Qf6 10. d3 h6 11. Be3 Bb6 12. Nd2 Re8 13. Nb3 Bf5 14. c4 Bxe3
15. Rxe3 Re7 16. Rb1 Rae8 17. Nc5 b6 18. Ne4 Qg6 19. Nc3 Nd4 20. Nd5 Rd7 21. h3
c6 22. Nc3 Rdd8 23. Ne2 Qd6 24. Qd2 Bd7 25. Nc3 Re7 26. Rbe1 Rde8 27. Ne4 Qg6
28. c5 Nf5 29. R3e2 Nd4 30. Re3 Nf5 31. R3e2 Nd4 32. Kf1 1/2-1/2

[Event "FRA-chT"]
[Site "France"]
[Date "2001.04.29"]
[Round "9.2"]
[White "Koch, Jean Rene"]
[Black "Adams, Michael"]
[Result "0-1"]
[WhiteElo "2507"]
[BlackElo "2746"]
[Annotator "Black e4 - Four Knights 3"]
[PlyCount "118"]
[EventDate "2001.02.02"]
[EventType "team"]
[EventRounds "11"]
[EventCountry "FRA"]
[Source "ChessBase"]
[SourceDate "2001.11.25"]
[WhiteTeam "Mulhouse"]
[BlackTeam "Monaco"]
[WhiteTeamCountry "FRA"]
[BlackTeamCountry "FRA"]

1. e4 e5 2. Nf3 Nc6 3. Nc3 Nf6 4. Bc4 Nxe4 5. Nxe4 d5 6. Bd3 dxe4 7. Bxe4 Bd6
8. d4 exd4 9. Bxc6+ bxc6 10. Qxd4 O-O 11. Be3 Be6 12. O-O Bd5 13. Ng5 f5 14.
Nh3 Re8 15. Bg5 Qb8 16. Rfe1 Qb6 17. Qxb6 cxb6 18. Bf4 Bc5 19. Be3 Bd6 20. Bf4
Bf8 21. Rxe8 Rxe8 22. Be3 h6 23. Nf4 Bf7 24. Nd3 c5 25. Kf1 g5 26. Bd2 Bg7 27.
Bc3 Bxc3 28. bxc3 Re4 29. a4 a5 30. f3 Re6 31. Nb2 Re3 32. Ra3 f4 33. Kf2 Kg7
34. Nd1 Re7 35. Nb2 Rd7 36. Ke2 Kf6 37. c4 Rd6 38. c3 h5 39. Ra1 g4 40. Re1
Re6+ 41. Kd2 Rxe1 42. Kxe1 Kg5 43. Kf2 Be8 44. Kf1 Bd7 45. Ke2 h4 46. Kf2 g3+
47. Kg1 h3 48. gxh3 Bxh3 49. Kh1 Bf1 50. Kg1 Be2 51. Kg2 gxh2 52. Kxh2 Bxf3 53.
Kg1 Be4 54. Kf2 Kg4 55. Ke2 Kg3 56. Kd2 f3 57. Nd1 f2 58. Ne3 Kf3 59. Nf1 Bc6
0-1

[Event "Pamplona op"]
[Site "Pamplona"]
[Date "2002.12.26"]
[Round "6"]
[White "Ibarra Jerez, Jose Carlos"]
[Black "Adla, Diego Gustavo"]
[Result "0-1"]
[WhiteElo "2361"]
[BlackElo "2504"]
[Annotator "Black e4 - Four Knights 6"]
[PlyCount "88"]
[EventDate "2002.12.21"]
[EventType "swiss"]
[EventRounds "9"]
[EventCountry "ESP"]
[Source "ChessBase"]
[SourceDate "2003.01.09"]
[WhiteTeamCountry "FRA"]
[BlackTeamCountry "FRA"]

1. e4 e5 2. Nf3 Nc6 3. Nc3 Nf6 4. d4 exd4 5. Nxd4 Bc5 6. Nxc6 bxc6 7. Bd3 d6 8.
O-O Ng4 9. h3 Ne5 10. Na4 Bb6 11. Nxb6 axb6 12. f4 Nxd3 13. cxd3 O-O 14. Bd2 d5
15. e5 f6 16. a4 fxe5 17. fxe5 Rxf1+ 18. Qxf1 Qe7 19. Qe1 Bf5 20. Ra3 c5 21.
Bf4 Be6 22. h4 h6 23. Bg3 Qe8 24. Qd1 d4 25. Be1 Bd5 26. Bg3 Qg6 27. Kh2 Kh7
28. Qd2 Qc6 29. Qc2 Qg6 30. Qd2 Qe6 31. Qd1 Bc6 32. Qc2 Qd5 33. Ra1 Qd7 34. b3
Bd5 35. Rb1 Rf8 36. b4 cxb4 37. Rxb4 Ba8 38. e6 Qxe6 39. Rxd4 Qe3 40. Rd7 Rf1
41. Qb2 Qg1+ 42. Kh3 Qh1+ 43. Bh2 Bxg2+ 44. Kg4 Bh3+ 0-1

[Event "Bled ol (Men)"]
[Site "Bled"]
[Date "2002.11.01"]
[Round "7.2"]
[White "Sequera Paolini, Jose"]
[Black "Hector, Jonny"]
[Result "0-1"]
[WhiteElo "2378"]
[BlackElo "2590"]
[Annotator "Black e4 - Four Knights 8"]
[PlyCount "132"]
[EventDate "2002.10.26"]
[EventType "team"]
[EventRounds "14"]
[EventCountry "SLO"]
[Source "ChessBase"]
[SourceDate "2002.11.25"]
[WhiteTeam "VEN"]
[BlackTeam "SWE"]
[WhiteTeamCountry "VEN"]
[BlackTeamCountry "SWE"]

1. e4 e5 2. Nf3 Nc6 3. Nc3 Nf6 4. Bb5 Bd6 5. O-O O-O 6. d3 h6 7. h3 b6 8. Ne2
Bb7 9. c3 Re8 10. Ng3 Bf8 11. Re1 a6 12. Ba4 d5 13. Qe2 b5 14. Bc2 Qd7 15. Nh4
g6 16. Qf3 Nh7 17. exd5 Na5 18. Ne4 Bxd5 19. Qg3 Bg7 20. Nf3 Nb7 21. Ned2 Nd6
22. Nh2 Qc6 23. Nhf1 Nf5 24. Qh2 Rad8 25. Ne3 Nxe3 26. fxe3 e4 27. d4 Bf8 28.
Qg3 Bd6 29. Qf2 Re6 30. Rf1 Rf6 31. Qh4 Be7 32. Rxf6 Bxf6 33. Qf2 Rd6 34. Nf1
Be7 35. Bd2 Rf6 36. Qe1 Qe6 37. b3 Bd6 38. Qe2 c5 39. Bd1 Bc7 40. Rc1 c4 41. b4
Qd6 42. Be1 Rf5 43. Rc2 Be6 44. Bf2 Nf6 45. Kh1 Nd5 46. Qe1 h5 47. g4 hxg4 48.
hxg4 Rf6 49. Bg1 g5 50. Rf2 Qd7 51. Rg2 Rh6+ 52. Bh2 Rh3 53. Kg1 Bxh2+ 54. Rxh2
Bxg4 55. Rxh3 Bxh3 56. Ng3 Qe6 57. Bc2 f5 58. Bd1 f4 59. exf4 gxf4 60. Kh2 Bf5
61. Nh5 Qe7 62. Qf2 Qg5 63. Kh1 Bg4 64. Bxg4 Qxg4 65. Qg2 Qxg2+ 66. Kxg2 Kf7
0-1

[Event "Vienna op"]
[Site "Vienna"]
[Date "1991.??.??"]
[Round "7"]
[White "Kranzl, Peter"]
[Black "Blatny, Pavel"]
[Result "0-1"]
[WhiteElo "2310"]
[BlackElo "2480"]
[Annotator "Black e4 - Ponziani 2"]
[PlyCount "66"]
[EventDate "1991.10.??"]
[EventType "swiss"]
[EventRounds "9"]
[EventCountry "AUT"]
[Source "ChessBase"]
[SourceDate "1999.11.16"]
[WhiteTeamCountry "VEN"]
[BlackTeamCountry "SWE"]

1. e4 e5 2. Nf3 Nc6 3. c3 d5 4. Qa4 Bd7 5. exd5 Nd4 6. Qd1 Nxf3+ 7. Qxf3 Nf6 8.
Bc4 e4 9. Qe2 Bd6 10. d3 O-O 11. dxe4 Nxe4 12. Be3 f5 13. Nd2 Nxd2 14. Qxd2 f4
15. Bd4 Qe7+ 16. Kd1 Qg5 17. f3 Rae8 18. g4 Re3 19. h4 Qe7 20. Bxe3 fxe3 21.
Qg2 b5 22. Bd3 Qe5 23. Be4 b4 24. Rc1 Rf4 25. Rc2 Ba4 26. Re1 bxc3 27. b3 Qd4+
28. Kc1 Bb5 29. Kb1 Rxe4 30. fxe4 Qd2 31. Re2 Qd1+ 32. Rc1 Bd3+ 33. Rec2 e2 0-1

[Event "BEL-ch"]
[Site "Geel"]
[Date "1996.??.??"]
[Round "3"]
[White "Geenen, Marc"]
[Black "Dutreeuw, Marc"]
[Result "1/2-1/2"]
[WhiteElo "2330"]
[BlackElo "2390"]
[Annotator "Black e4 - King's Gambit 2"]
[PlyCount "24"]
[EventDate "1996.??.??"]
[EventType "tourn"]
[EventRounds "9"]
[EventCountry "BEL"]
[EventCategory "3"]
[Source "ChessBase"]
[SourceDate "1997.11.17"]
[WhiteTeamCountry "VEN"]
[BlackTeamCountry "SWE"]

1. e4 e5 2. f4 exf4 3. Nf3 d5 4. exd5 Nf6 5. Nc3 Nxd5 6. Nxd5 Qxd5 7. d4 Be7 8.
c4 Qe4+ 9. Be2 Nc6 10. O-O Bf5 11. Re1 O-O-O 12. Bf1 Qc2 1/2-1/2

[Event "Garcia mem Premier"]
[Site "Santa Clara"]
[Date "1998.06.01"]
[Round "7"]
[White "Bellon Lopez, Juan Manuel"]
[Black "Rivera, Alberto"]
[Result "1/2-1/2"]
[WhiteElo "2455"]
[BlackElo "2415"]
[Annotator "Black e4 - Center Game 2"]
[PlyCount "80"]
[EventDate "1998.05.24"]
[EventType "tourn"]
[EventRounds "13"]
[EventCountry "CUB"]
[EventCategory "9"]
[Source "ChessBase"]
[SourceDate "1998.09.30"]
[WhiteTeamCountry "VEN"]
[BlackTeamCountry "SWE"]

1. e4 e5 2. d4 exd4 3. Qxd4 Nc6 4. Qa4 Bc5 5. Nf3 Nf6 6. Bg5 h6 7. Bh4 d6 8.
Nc3 Bd7 9. Bb5 a6 10. Bxc6 Bxc6 11. Qc4 g5 12. Bg3 b5 13. Qd3 b4 14. Nd5 Nxd5
15. exd5 Bb5 16. Qe4+ Qe7 17. Qxe7+ Kxe7 18. h4 f5 19. O-O-O f4 20. Bh2 Bxf2
21. Bg1 Bxg1 22. Rhxg1 Kf6 23. Nd4 Rae8 24. Nxb5 axb5 25. Rd4 Re5 26. g3 fxg3
27. Rxg3 Rhe8 28. Rxb4 Rxd5 29. b3 Re1+ 30. Kb2 Rc5 31. Rg2 Rf1 32. a4 Rff5 33.
hxg5+ hxg5 34. a5 Rc6 35. Rd4 Ra6 36. b4 c5 37. Rd3 cxb4 38. Kb3 Rf4 39. Rd5
Rxa5 40. Rxd6+ Ke7 1/2-1/2

[Event "Polanica Zdroj op"]
[Site "Polanica Zdroj"]
[Date "1993.??.??"]
[Round "4"]
[White "Vlassov, Nikolai"]
[Black "Murdzia, Piotr"]
[Result "1/2-1/2"]
[WhiteElo "2380"]
[BlackElo "2435"]
[Annotator "Black e4 - Vienna/Bishop's 1"]
[PlyCount "88"]
[EventDate "1993.08.??"]
[EventType "swiss"]
[EventRounds "10"]
[EventCountry "POL"]
[Source "ChessBase"]
[SourceDate "1996.11.15"]
[WhiteTeamCountry "VEN"]
[BlackTeamCountry "SWE"]

1. e4 e5 2. Bc4 Nc6 3. f4 Nf6 4. Nc3 Nxe4 5. Nf3 Nxc3 6. dxc3 exf4 7. O-O Be7
8. Bxf4 O-O 9. Qd5 d6 10. Qh5 Be6 11. Bd3 f5 12. Rae1 Qd7 13. Bg5 Rae8 14. Bb5
a6 15. Bxc6 bxc6 16. Bxe7 Rxe7 17. Qh4 c5 18. Re3 h6 19. Rfe1 Ree8 20. b4 Bd5
21. bxc5 Rxe3 22. Rxe3 Be4 23. cxd6 Qxd6 24. Qf2 Rd8 25. Nd4 Qd5 26. Re1 a5 27.
Rf1 Kh7 28. a3 Rd6 29. Nxf5 Rf6 30. g4 c5 31. Qf4 Bxc2 32. h3 Be4 33. Qc7 Rf7
34. Qf4 Qd3 35. Qe3 c4 36. Qxd3 Bxd3 37. Rf2 Rb7 38. Nd4 Rb1+ 39. Kh2 Rc1 40.
Nb5 Kg6 41. Kg3 Be4 42. Re2 Bd5 43. Rd2 Be6 44. Rd6 Kf7 1/2-1/2

[Event "Lasker mem op"]
[Site "Barlinek"]
[Date "2002.07.25"]
[Round "7"]
[White "Miroshnichenko, Evgenij"]
[Black "Malaniuk, Vladimir P"]
[Result "1/2-1/2"]
[WhiteElo "2525"]
[BlackElo "2547"]
[Annotator "Black e4 - Vienna/Bishop's 4"]
[PlyCount "173"]
[EventDate "2002.07.19"]
[EventType "swiss"]
[EventRounds "9"]
[EventCountry "POL"]
[Source "ChessBase"]
[SourceDate "2002.09.10"]
[WhiteTeamCountry "ENG"]
[BlackTeamCountry "ENG"]

1. e4 e5 2. Bc4 Nf6 3. d3 Nc6 4. Nc3 Na5 5. Nge2 c6 6. a4 Nxc4 7. dxc4 Bc5 8.
O-O d6 9. Qd3 Be6 10. b3 a5 11. h3 O-O 12. Kh1 d5 13. cxd5 cxd5 14. Bg5 dxe4
15. Qg3 Be7 16. Qxe5 Rc8 17. Rad1 Qc7 18. Qb5 Qc5 19. Qxc5 Rxc5 20. Nxe4 Rxc2
21. Nd4 Nxe4 22. Bxe7 Nxf2+ 23. Kg1 Nxd1 24. Rxd1 Rfc8 25. Nxc2 Bxb3 26. Rb1
Bxc2 27. Rxb7 Bxa4 28. Ra7 Rc1+ 29. Kf2 Bc6 30. g4 a4 31. g5 h6 32. gxh6 gxh6
33. Bf6 Bb5 34. Ke3 Rf1 35. Be5 Kh7 36. Bf4 Kg6 37. h4 Bc6 38. Bd6 f6 39. Re7
Bd5 40. Ra7 Bb3 41. Ra5 Rf5 42. Ra6 Kh5 43. Bf4 Kxh4 44. Bxh6 Kg4 45. Bg7 Rf3+
46. Kd2 f5 47. Be5 Rf1 48. Bd4 Kf3 49. Kc3 Ke4 50. Ba7 Rf3+ 51. Kb2 Rd3 52. Bc5
f4 53. Rd6 Rh3 54. Rd4+ Ke5 55. Rd2 Bc4 56. Bd6+ Ke4 57. Rd1 a3+ 58. Ka1 Rc3
59. Re1+ Kf5 60. Bc5 f3 61. Bd4 Rc2 62. Ba7 f2 63. Bxf2 Rxf2 64. Rc1 Bd5 65.
Re1 Rf3 66. Kb1 Be4+ 67. Ka1 Ke5 68. Ka2 Rc3 69. Rd1 Bd5+ 70. Ka1 Kd6 71. Rg1
Kc5 72. Re1 Bc4 73. Rg1 Rc2 74. Re1 Kb4 75. Rb1+ Kc3 76. Rg1 Ra2+ 77. Kb1 Rd2
78. Ka1 Rc2 79. Rd1 Bd3 80. Rb1 Be2 81. Rg1 Bb5 82. Rb1 Bd3 83. Rd1 Kc4 84. Rb1
Rc3 85. Rg1 Kb3 86. Rd1 Bc2 87. Rd3 1/2-1/2

[Event "Lugano op"]
[Site "Lugano"]
[Date "1986.??.??"]
[Round "?"]
[White "Sax, Gyula"]
[Black "Plaskett, Jim"]
[Result "0-1"]
[WhiteElo "2545"]
[BlackElo "2435"]
[Annotator "Black e4 - Vienna/Bishop's 6"]
[PlyCount "184"]
[EventDate "1986.02.??"]
[EventType "swiss"]
[EventRounds "9"]
[EventCountry "SUI"]
[Source "ChessBase"]
[SourceDate "1997.11.17"]
[WhiteTeamCountry "ENG"]
[BlackTeamCountry "ENG"]

1. e4 e5 2. Nc3 Nf6 3. f4 d5 4. fxe5 Nxe4 5. d3 Nxc3 6. bxc3 d4 7. Nf3 dxc3 8.
Be2 Be7 9. O-O Be6 10. Qe1 Nc6 11. Qxc3 O-O 12. Be3 f6 13. d4 Kh8 14. Rad1 fxe5
15. dxe5 Bb4 16. Qb2 Qe7 17. Kh1 Rab8 18. c4 Bg4 19. Rd5 h6 20. h3 Be6 21. Rdd1
Bc5 22. Qc1 Rbe8 23. Bd3 Ba3 24. Qb1 b6 25. Bg6 Bf7 26. Bxf7 Rxf7 27. Qg6 Qe6
28. Qxe6 Rxe6 29. Rfe1 Rfe7 30. Bf4 Kg8 31. Re2 Rf7 32. Bg3 Bc5 33. Kh2 a5 34.
a4 Kf8 35. h4 Ke8 36. h5 Rf5 37. Bh4 Be7 38. Bxe7 Kxe7 39. Kg3 Rxh5 40. Kg4 g6
41. Rde1 Rf5 42. Re4 h5+ 43. Kh4 Kf8 44. Rd1 Re7 45. Rd5 Kg7 46. c5 Nb4 47. Rd8
bxc5 48. Ra8 Nc6 49. e6 c4 50. Rxc4 Ne5 51. Nxe5 Rxe5 52. Ra7 Kh6 53. Kg3 Rg5+
54. Kh2 Rxe6 55. Rcxc7 Rf5 56. Rh7+ Kg5 57. Rhe7 Rxe7 58. Rxe7 Kg4 59. Re3 h4
60. Rc3 Rf4 61. Ra3 g5 62. Kg1 Kf5 63. Kh2 g4 64. g3 Rf2+ 65. Kg1 hxg3 66. Rc3
Re2 67. Rc8 Re4 68. Rc5+ Re5 69. Rc4 Kg5 70. Rc8 Kf4 71. Rf8+ Ke3 72. Ra8 Kd3
73. Kg2 Kc3 74. Kxg3 Kb4 75. Kf4 Re7 76. Kxg4 Kxa4 77. Kf3 Kb4 78. Rb8+ Ka3 79.
Rb5 a4 80. Rb8 Ka2 81. Kf2 a3 82. Rb6 Ka1 83. Rb8 a2 84. Rb6 Rc7 85. Ke2 Rc1
86. Kd3 Rb1 87. Rh6 Kb2 88. Rb6+ Kc1 89. Rc6+ Kd1 90. Rh6 Rb3+ 91. Kc4 Rc3+ 92.
Kb4 Rc1 0-1

[Event "Geneve op"]
[Site "Geneve"]
[Date "1993.??.??"]
[Round "9"]
[White "Boog, Alexandre"]
[Black "Godena, Michele"]
[Result "0-1"]
[WhiteElo "2325"]
[BlackElo "2485"]
[Annotator "Black e4 - Vienna/Bishop's 7"]
[PlyCount "118"]
[EventDate "1993.01.??"]
[EventType "swiss"]
[EventRounds "9"]
[EventCountry "SUI"]
[Source "ChessBase"]
[SourceDate "1996.11.15"]
[WhiteTeamCountry "ENG"]
[BlackTeamCountry "ENG"]

1. e4 e5 2. Nc3 Nf6 3. f4 d5 4. fxe5 Nxe4 5. Nf3 Bc5 6. Qe2 Bf2+ 7. Kd1 Nxc3+
8. dxc3 Bb6 9. Bg5 Qd7 10. Kd2 h6 11. Bh4 Qa4 12. Qb5+ Qxb5 13. Bxb5+ c6 14.
Bd3 O-O 15. Nd4 Nd7 16. e6 Ne5 17. Rae1 f6 18. Bf5 Re8 19. b3 c5 20. Nb5 Bxe6
21. Nd6 Bxf5 22. Nxf5 Bc7 23. Bg3 h5 24. Rhf1 Rad8 25. Kc1 g6 26. Ne3 Kg7 27.
c4 dxc4 28. Nxc4 b5 29. Ne3 Ba5 30. Rd1 Rxd1+ 31. Rxd1 Rd8 32. Nd5 Ng4 33. h3
Ne5 34. Kb2 Kf7 35. Bxe5 fxe5 36. c4 bxc4 37. bxc4 Rb8+ 38. Kc2 Ke6 39. Rf1 Bd8
40. Rf2 e4 41. Rf8 Ke5 42. Rg8 Kd4 43. Ne7 Kxc4 44. Nc6 Rb6 45. Nxd8 Ra6 46. a4
Rxa4 47. Rxg6 Ra2+ 48. Kc1 e3 49. Re6 e2 50. Nb7 Kc3 51. Re3+ Kd4 52. Re7 c4
53. Nd6 Kd3 54. Nxc4 e1=Q+ 55. Rxe1 Ra1+ 56. Kb2 Rxe1 57. Kb3 Rb1+ 58. Ka2 Rg1
59. Nb2+ Kc3 0-1

[Event "Metalska Trgovina CC 90"]
[Site "Ljubljana"]
[Date "2002.01.29"]
[Round "10"]
[White "Farago, Ivan"]
[Black "Sveshnikov, Evgeny"]
[Result "1/2-1/2"]
[WhiteElo "2500"]
[BlackElo "2565"]
[Annotator "Black d4 - Semi-Slav Anti-Meran 8"]
[PlyCount "40"]
[EventDate "2002.01.19"]
[EventType "tourn"]
[EventRounds "11"]
[EventCountry "SLO"]
[EventCategory "11"]
[Source "ChessBase"]
[SourceDate "2002.03.21"]
[WhiteTeamCountry "FRA"]
[BlackTeamCountry "FRA"]

1. d4 d5 2. c4 e6 3. Nc3 c6 4. e3 Nd7 5. Qc2 Ngf6 6. Nf3 Bd6 7. Bd3 O-O 8. O-O
dxc4 9. Bxc4 b5 10. Be2 Bb7 11. Rd1 Qc7 12. Bd2 Rfe8 13. Rac1 a6 14. b4 e5 15.
a3 h6 16. Bd3 exd4 17. exd4 Nb6 18. Re1 Rad8 19. Rxe8+ Rxe8 20. Ne2 Nbd5
1/2-1/2

[Event "RUS Cup final 4th"]
[Site "Elista"]
[Date "2000.08.22"]
[Round "4"]
[White "Popov, Valerij"]
[Black "Lastin, Alexander"]
[Result "0-1"]
[WhiteElo "2557"]
[BlackElo "2580"]
[Annotator "Black d4 - Semi-Slav Moscow 1"]
[PlyCount "79"]
[EventDate "2000.08.19"]
[EventType "tourn"]
[EventRounds "11"]
[EventCountry "RUS"]
[EventCategory "12"]
[Source "ChessBase"]
[SourceDate "2000.11.21"]
[WhiteTeamCountry "FRA"]
[BlackTeamCountry "FRA"]

1. d4 d5 2. c4 c6 3. Nf3 Nf6 4. Nc3 e6 5. Bg5 h6 6. Bxf6 Qxf6 7. Qb3 a5 8. e4
dxe4 9. Nxe4 Bb4+ 10. Kd1 Qf4 11. Bd3 f5 12. Ng3 c5 13. a3 a4 14. Qc2 Ba5 15.
Ne2 Qd6 16. Qxa4+ Bd7 17. Qc2 Nc6 18. dxc5 Qxc5 19. Nc1 Bc7 20. Nb3 Qe7 21. g4
O-O-O 22. gxf5 exf5 23. Kc1 Qd6 24. Kb1 Qf4 25. Be2 g5 26. Qd2 Qe4+ 27. Qd3
Rhe8 28. Qxe4 Rxe4 29. Ng1 Bb6 30. Kc2 Bxf2 31. Bd3 Nd4+ 32. Nxd4 Rxd4 33. Kc3
Rxd3+ 34. Kxd3 Bc6+ 35. Ke2 Bh4 36. Nh3 Bg2 37. Rhd1 Re8+ 38. Kd3 Bxh3 39. c5
f4 40. Kd4 0-1

[Event "Dubai op 5th"]
[Site "Dubai"]
[Date "2003.04.24"]
[Round "5"]
[White "Graf, Alexander"]
[Black "Goloshchapov, Alexander"]
[Result "0-1"]
[WhiteElo "2630"]
[BlackElo "2558"]
[Annotator "Black d4 - Semi-Slav Moscow 5"]
[PlyCount "102"]
[EventDate "2003.04.20"]
[EventType "swiss"]
[EventRounds "9"]
[EventCountry "UAE"]
[Source "ChessBase"]
[SourceDate "2003.05.09"]
[WhiteTeamCountry "FRA"]
[BlackTeamCountry "FRA"]

1. d4 d5 2. c4 e6 3. Nc3 c6 4. Nf3 Nf6 5. Bg5 h6 6. Bxf6 Qxf6 7. e3 Nd7 8. Bd3
dxc4 9. Bxc4 g6 10. O-O Bg7 11. Ne4 Qe7 12. Qc2 O-O 13. Bb3 e5 14. Rfe1 Kh7 15.
Nc3 b6 16. Rad1 Bb7 17. h4 Rae8 18. h5 e4 19. Nd2 Nf6 20. hxg6+ fxg6 21. f3
exf3 22. Nxf3 Ng4 23. Qd3 Rxf3 24. gxf3 Nxe3 25. f4 c5 26. Bc2 Qe6 27. f5 Qe7
28. f6 Qxf6 29. Rxe3 Qg5+ 30. Kf2 Bxd4 31. Qxg6+ Qxg6 32. Bxg6+ Kxg6 33. Rxd4
Rf8+ 34. Kg1 cxd4 35. Rg3+ Kf5 36. Nb5 Ke5 37. Rg6 d3 38. Rxh6 d2 39. Nc3 Bf3
40. Rh7 Rc8 41. Rd7 Rxc3 42. Rxd2 Rc7 43. Kf2 Bd5 44. b3 Rh7 45. Re2+ Kd4 46.
Rd2+ Ke5 47. Re2+ Kd4 48. Rd2+ Kc5 49. Rc2+ Kb4 50. Ke3 Rd7 51. Rf2 Ka3 0-1

[Event "Bled ol (Men)"]
[Site "Bled"]
[Date "2002.11.02"]
[Round "8.1"]
[White "Cvitan, Ognjen"]
[Black "Gausel, Einar"]
[Result "1/2-1/2"]
[WhiteElo "2562"]
[BlackElo "2511"]
[Annotator "Black d4 - Semi-Slav Moscow 6"]
[PlyCount "49"]
[EventDate "2002.10.26"]
[EventType "team"]
[EventRounds "14"]
[EventCountry "SLO"]
[Source "ChessBase"]
[SourceDate "2002.11.25"]
[WhiteTeam "CRO"]
[BlackTeam "NOR"]
[WhiteTeamCountry "CRO"]
[BlackTeamCountry "NOR"]

1. c4 e6 2. Nf3 Nf6 3. d4 d5 4. Nc3 c6 5. Bg5 h6 6. Bxf6 Qxf6 7. e3 Nd7 8. Bd3
dxc4 9. Bxc4 g6 10. O-O Bg7 11. Qc2 O-O 12. Rad1 b6 13. Rfe1 Bb7 14. e4 Rfd8
15. e5 Qe7 16. a3 Nf8 17. h4 Rac8 18. Qe2 Rc7 19. Rd2 Rcd7 20. Red1 b5 21. Ba2
c5 22. d5 exd5 23. Nxd5 Bxd5 24. Bxd5 c4 25. Bc6 1/2-1/2

[Event "Coria del Rio op 8th"]
[Site "Coria del Rio"]
[Date "2002.02.16"]
[Round "4"]
[White "Komljenovic, Davor"]
[Black "Korneev, Oleg"]
[Result "0-1"]
[WhiteElo "2505"]
[BlackElo "2568"]
[Annotator "Black d4 - Semi-Slav Moscow 8"]
[PlyCount "76"]
[EventDate "2002.02.13"]
[EventType "swiss"]
[EventRounds "9"]
[EventCountry "ESP"]
[Source "ChessBase"]
[SourceDate "2002.03.14"]
[WhiteTeamCountry "CRO"]
[BlackTeamCountry "NOR"]

1. d4 d5 2. c4 e6 3. Nc3 c6 4. Nf3 Nf6 5. Bg5 h6 6. Bxf6 Qxf6 7. e3 Nd7 8. Bd3
dxc4 9. Bxc4 g6 10. O-O Bg7 11. Rc1 O-O 12. b4 Rd8 13. Qb3 Qe7 14. Rfd1 b6 15.
a4 Rb8 16. b5 c5 17. d5 Ne5 18. Nxe5 Bxe5 19. dxe6 Bxe6 20. Bxe6 Qxe6 21. Nd5
Rd6 22. e4 Bd4 23. Rxd4 cxd4 24. Qb4 Rxd5 25. exd5 Qxd5 26. Qc4 Qg5 27. Rc2 Re8
28. g3 Qf5 29. Qc6 Re1+ 30. Kg2 Kf8 31. Qb7 Kg7 32. Rc4 Qd3 33. Rc7 Qf1+ 34.
Kf3 Qe2+ 35. Kg2 Qf1+ 36. Kf3 Re3+ 37. Kf4 Qxf2+ 38. Kg4 h5+ 0-1

[Event "ICC-ch blitz fin"]
[Site "Internet ICC"]
[Date "2002.08.18"]
[Round "2.1"]
[White "Bocharov, Dmitry"]
[Black "Dreev, Alexey"]
[Result "0-1"]
[WhiteElo "2475"]
[BlackElo "2676"]
[Annotator "Black d4 - Semi-Slav Anti-Moscow 3"]
[PlyCount "108"]
[EventDate "2002.08.17"]
[EventType "k.o. (blitz)"]
[EventRounds "6"]
[EventCountry "USA"]
[Source "ChessBase"]
[SourceDate "2002.11.25"]
[WhiteTeamCountry "CRO"]
[BlackTeamCountry "NOR"]

1. d4 d5 2. c4 c6 3. Nf3 Nf6 4. Nc3 e6 5. Bg5 h6 6. Bh4 dxc4 7. e4 g5 8. Bg3 b5
9. Be2 Bb7 10. e5 Nd5 11. h4 g4 12. Nd2 h5 13. Nde4 Nd7 14. O-O Qb6 15. b3 Bb4
16. Rc1 Nxc3 17. Nxc3 c5 18. bxc4 Bxc3 19. Rxc3 cxd4 20. Rd3 Nc5 21. Rxd4 Ne4
22. Rxe4 Bxe4 23. cxb5 Rd8 24. Qa4 Ba8 25. Kh2 Rd2 26. Re1 Qd4 27. Qa3 Qd5 28.
Bf1 Rxa2 29. Qc3 O-O 30. Qe3 Qd2 31. Qxd2 Rxd2 32. Ra1 Bd5 33. Rxa7 Rc8 34. b6
Rb2 35. Ba6 Rb8 36. Rc7 R2xb6 37. Bd3 Rc6 38. Rd7 Rc3 39. Be2 Rb2 40. Bd1 Rb1
41. Ba4 Rb2 42. Rd8+ Kg7 43. Be8 Rc7 44. Kg1 Ra7 45. Rc8 Ra8 46. Rxa8 Bxa8 47.
Bf4 Rc2 48. Be3 Bc6 49. Bxc6 Rxc6 50. Kh2 Kg6 51. Bg5 Kf5 52. Bf6 Kf4 53. Bg7
Rc2 54. Kg1 g3 0-1